Words made easy words

Bibliographic Details
Format: Book
Published: Lake Forest : McGraw-Hill , 1993
Subjects:

MARC

LEADER 00000cam a2200000 7i4500
001 0000003044
002 000003296
005 20000330.0
020 |a 0071137696 
090 0 0 |a 421.55   |b WOR 
245 0 0 |a Words made easy words 
260 |a Lake Forest :   |b McGraw-Hill ,   |c 1993 
300 |a 136p. ;   |c 26cm. 
650 0 0 |a Vacabulary 
999 |a 035545   |b BUKU   |c PINJAMAN   |e PERPUSTAKAAN KOMUNITI PETALING JAYA